Corrections in Montana : a consultation on corrections in Montana /

Bibliographic Details
Corporate Author: United States Commission on Civil Rights. Montana Advisory Committee
Format: Government Document Book
Language:English
Subjects:

MARC

Tag First Indicator Second Indicator Subfields
LEADER 00000cam a2200000 i 4500
001 in00000805021
005 20151017091831.0
008 790211s1979 dcu f00010 eng d
010 |a gp 79007324  
020 |c $2.40 (pbk. :) 
035 |a (OCoLC)04651456 
035 |9 ADS6761AM 
037 |b 20402 
040 |c GPO  |d UtOrBLW 
043 |a n-us-mt 
074 |a 288-A 
086 |a CR 1.2:C 81/3 
110 2 |a United States Commission on Civil Rights.  |b Montana Advisory Committee. 
245 1 0 |a Corrections in Montana :  |b a consultation on corrections in Montana /  |c a report prepared by the Montana Advisory Committee to the U. S. Commission on Civil Rights. 
264 2 |a [Washington] :  |b Commission on Civil Rights : for sale by the Supt. of Docs., U.S. Govt. Print. Off,  |c 1979. 
300 |a vii, 59 pages ;  |c 26 cm. 
336 |a text  |b txt  |2 rdacontent 
337 |a unmediated  |b n  |2 rdamedia 
338 |a volume  |b nc  |2 rdacarrier 
500 |a January 1979. 
650 0 |a Civil rights  |z Montana. 
650 0 |a Corrections  |z Montana. 
999 |a MARS 
999 f f |s 1bca4d27-ae7f-33a7-b7ed-474098252abd  |i 1a697258-e6af-3f5f-8447-57f5c2900653  |t 0 
952 f f |p normal  |a Texas A&M University  |b College Station  |c Sterling C. Evans Library  |d Evans: US Documents (Annex 5th floor)  |t 0  |e CR 1.2:C 81/3  |h Superintendent of Documents classification  |i unmediated -- volume  |m A14838180441 
998 f f |a CR 1.2:C 81/3  |t 0  |l Evans: US Documents (Annex 5th floor)